Southville International School and Colleges
Your cart is empty.
  • Cart
  • Lists
    Public lists Eva Luna New books Lux_list list_1
    Your lists Log in to create your own lists
  • Log in to your account
  • Your cookies
  • Search history
Southville International School and Colleges
  • Advanced search
  • Recent comments
  • Most popular
  • Libraries

Log in to your account

Log in with GOOGLE


If you do not have an external account, but do have a local account, you can still log in:

  1. Home
  2. MARC view: Food and Beverage cost control
Normal view MARC view ISBD view

Food and Beverage cost control (Record no. 14873)

[ view plain ]
MARC details
000 -LEADER
fixed length control field 01099pam a2200301 a 4500
001 - CONTROL NUMBER
control field 1199110
003 - CONTROL NUMBER IDENTIFIER
control field PILC
005 - DATE AND TIME OF LATEST TRANSACTION
control field 20150112093445.0
008 - FIXED-LENGTH DATA ELEMENTS--GENERAL INFORMATION
fixed length control field 980917s1999 nyua 001 0 eng
010 ## - LIBRARY OF CONGRESS CONTROL NUMBER
LC control number 98031455
020 ## - INTERNATIONAL STANDARD BOOK NUMBER
International Standard Book Number 0471273546
040 ## - CATALOGING SOURCE
Original cataloging agency DLC
Transcribing agency DLC
Modifying agency DLC
050 00 - LIBRARY OF CONGRESS CALL NUMBER
Classification number TX 911.3.C65
Item number .M55 2005
082 00 - DEWEY DECIMAL CLASSIFICATION NUMBER
Classification number 647.950681
Item number M55 2005
100 1# - MAIN ENTRY--PERSONAL NAME
Personal name Miller, Jack E.
9 (RLIN) 22320
245 10 - TITLE STATEMENT
Title Food and Beverage cost control
Statement of responsibility, etc Jack E. Miller ... [et,al.]
250 ## - EDITION STATEMENT
Edition statement 3rd ed.
260 ## - PUBLICATION, DISTRIBUTION, ETC. (IMPRINT)
Place of publication, distribution, etc New York :
Name of publisher, distributor, etc John Wiley,
Date of publication, distribution, etc 2005.
300 ## - PHYSICAL DESCRIPTION
Extent 577 pages :
Other physical details illustration ;
Dimensions 25 cm.
500 ## - GENERAL NOTE
General note Includes index.
650 #0 - SUBJECT ADDED ENTRY--TOPICAL TERM
Topical term or geographic name as entry element Food service
General subdivision Cost control.
9 (RLIN) 22321
700 1# - ADDED ENTRY--PERSONAL NAME
Personal name Griffin, Gerald G.,
Dates associated with a name 1936-
9 (RLIN) 22322
856 4# - ELECTRONIC LOCATION AND ACCESS
Materials specified Table of Contents
Uniform Resource Identifier <a href="http://www.loc.gov/catdir/toc/onix03/98031455.html">http://www.loc.gov/catdir/toc/onix03/98031455.html</a>
856 42 - ELECTRONIC LOCATION AND ACCESS
Materials specified Contributor biographical information
Uniform Resource Identifier <a href="http://www.loc.gov/catdir/enhancements/fy0706/98031455-b.html">http://www.loc.gov/catdir/enhancements/fy0706/98031455-b.html</a>
906 ## - LOCAL DATA ELEMENT F, LDF (RLIN)
a 7
b cbc
c orignew
d 1
e ocip
f 19
g y-gencatlg
942 ## - ADDED ENTRY ELEMENTS (KOHA)
Source of classification or shelving scheme Library of Congress Classification
Koha item type Books
Holdings
Withdrawn status Lost status Source of classification or shelving scheme Damaged status Home library Current library Shelving location Date acquired Total Checkouts Full call number Barcode Date last seen Copy number Price effective from Koha item type
    Library of Congress Classification   Southville International School Affiliated with Foreign Universities Library Southville International School Affiliated with Foreign Universities Library Southville Foreign University Section 10/01/2013   TX 911.3.C65 .M55 2005 SFU1658 05/15/2018 1 10/01/2013 Books

Food and Beverage cost control

APA

Miller J. E., Griffin G. G., . (2005). Food and Beverage cost control. New York: John Wiley.

Chicago

Miller Jack E, Griffin Gerald G, . 2005. Food and Beverage cost control. New York: John Wiley.

Harvard

Miller J. E., Griffin G. G., . (2005). Food and Beverage cost control. New York: John Wiley.

MLA

Miller Jack E, Griffin Gerald G, . Food and Beverage cost control. New York: John Wiley. 2005.

  • Place hold
  • Print
  • Cite
  • Add to your cart (remove)
  • Save record
    BIBTEX Dublin Core MARCXML MARC (non-Unicode/MARC-8) MARC (Unicode/UTF-8) MARC (Unicode/UTF-8, Standard) MODS (XML) RIS
  • More searches
    Search for this title in:
    Other Libraries (WorldCat) Other Databases (Google Scholar) Online Stores (Bookfinder.com) Open Library (openlibrary.org)

Exporting to Dublin Core...

SOUTHVILLE LIBRARY

Southville International School and Colleges Library

1281 Tropical Ave. Cor. Luxembourg St., BF Homes International, Las Pinas City

Tel. No. 8256374 / 252358 Loc. 117/146

Powered by Koha